ბათუმის შოთა რუსთაველის სახელმწიფო უნივერსიტეტის ბიბლიოთეკა

Консульская служба : (ბიბ.ჩანაწერი № 41274)

000 -LEADER
fixed length control field 00705nam a2200217Ia 4500
001 - CONTROL NUMBER
control field 7929
003 - CONTROL NUMBER IDENTIFIER
control field GE_BSU
005 - DATE AND TIME OF LATEST TRANSACTION
control field 20221003121947.0
008 - FIXED-LENGTH DATA ELEMENTS--GENERAL INFORMATION
fixed length control field 181216s2012ru xx |||||||||||||| ||rus||
020 ## - INTERNATIONAL STANDARD BOOK NUMBER
International Standard Book Number 9785713314170
040 ## - CATALOGING SOURCE
Transcribing agency GE_BSU
041 ## - LANGUAGE CODE
Language code of text/sound track or separate title rus
080 ## - UNIVERSAL DECIMAL CLASSIFICATION NUMBER
Universal Decimal Classification number 341.8(075.8) Л-24
100 ## - MAIN ENTRY--PERSONAL NAME
Personal name Лапин,Г.Э.
9 (RLIN) 14957
245 ## - TITLE STATEMENT
Title Консульская служба :
Remainder of title Учебное пособие /
Statement of responsibility, etc. Г.Э. Лапин.
264 ## - PRODUCTION, PUBLICATION, DISTRIBUTION, MANUFACTURE, AND COPYRIGHT NOTICE
Place of production, publication, distribution, manufacture Москва :
Name of producer, publisher, distributor, manufacturer Международные отношения,
Date of production, publication, distribution, manufacture, or copyright notice 2012.
300 ## - PHYSICAL DESCRIPTION
Extent 248 стр.:
Dimensions 19 см.
653 ## - INDEX TERM--UNCONTROLLED
keyword Консульская служба
653 ## - INDEX TERM--UNCONTROLLED
keyword საკონსულო სამსახური
942 ## - ADDED ENTRY ELEMENTS (KOHA)
Koha item type წიგნი
Source of classification or shelving scheme
ეგზემპლარები
Withdrawn status Lost status Source of classification or shelving scheme Damaged status Not for loan Permanent Location Current Location Shelving location Date acquired Cost, normal purchase price Full call number Barcode Date last seen Copy number Price effective from Koha item type Public note
          ბათუმის შოთა რუსთაველის სახელმწიფო უნივერსიტეტის მთავარი ბიბლიოთეკა ბათუმის შოთა რუსთაველის სახელმწიფო უნივერსიტეტის მთავარი ბიბლიოთეკა წიგნსაცავი 2018-12-17 19.00 341.8(075.8) Л-24 24404 2018-12-17 24404 2018-12-17 წიგნი 19.00